000 00691nam a2200205Ii 4500
003 JO-AjNU
008 230605s9999||||xx |||||||||||||| ||und||
040 _aJO-AjNU
_bara
_erda
_cJO-AjNU
041 _aara
050 1 4 _aQC670.T8689 1989
100 3 _aتونلا، ماري انطوانيت ,
_eauthor
_951275
245 0 0 _aمبادئ النظرية الكهرومعنطسية
264 3 1 _aبيروت : دار الانماء العربي ،1989
300 _a494ص
336 _atext
_btxt
_2rdacontent
337 _aunmediated
_bn
_2rdamedia
338 _avolume
_bnc
_2rdacarrier
490 0 _aسلسلة الكتب العلمية 11
650 4 _aالكهرمغنطيسية
_951276
999 _aA22638
_c26206
_d26206